| 000 | 00665nam a2200205 4500 | ||
|---|---|---|---|
| 001 | 133359 | ||
| 003 | ES-MaACL | ||
| 005 | 20230906194403.0 | ||
| 007 | t| | ||
| 008 | 070214s1968 sp r ||||1| spa d | ||
| 100 | 1 |
_aRudin, Josef. _9100489 |
|
| 245 | 1 | 3 |
_aEl fanatismo _b: análisis psicológico / _cJosef Rudin ; [traducción por Anselmo Archanco Royo]. |
| 260 |
_aMadrid : _bRazón y Fe, _c1968. |
||
| 300 |
_a246 p. ; _c20 cm. |
||
| 490 | 1 |
_aPsicología-Medicina-Pastoral ; _v65 |
|
| 700 | 1 |
_aArchanco Royo, Anselmo. _922475 |
|
| 830 | 0 |
_aPsicología-Medicina-Pastoral ; _v65 _9180800 |
|
| 852 |
_aES-MaACL _jC-50489 _bR.66219 |
||
| 999 |
_c133359 _d133359 |
||